Western Movie Taglines Quiz Stats

 Plays Quiz Updated Oct 9, 2017

Support Sporcle.
Go Orange.
Score 0/20 Timer 06:00
2 Plays Today
% Correct
The Magnificent Seven
92.9%
Django Unchained
91.8%
Cowboys & Aliens
80.5%
The Treasure of the Sierra Madre
76.9%
The Hateful Eight
73.9%
Wild Wild West
73.4%
The Good, The Bad, and the Ugly
69.5%
Maverick
66.5%
The Searchers
61.3%
3:10 to Yuma
56.5%
% Correct
Butch Cassidy and the Sundance Kid
54.2%
The Dark Tower
51.9%
Blazing Saddles
50.9%
A Fistful of Dollars
49.7%
Unforgiven
48.2%
True Grit
40.2%
High Noon
40.1%
Once Upon a Time in the West
31.8%
Tombstone
28.4%
The Life and Times of Judge Roy Bean
26.2%

You're not logged in!

Compare scores with friends on all Sporcle quizzes.
OR
Log In
Forgot?

From the Vault

MLB Triple Crown Winners

by bas622

Sports 4m
Has anyone heard anything about a triple crown today?
Remove Ads.
Support Sporcle.
Get the best of Sporcle when you Go Orange. This ad-free experience offers more features, more stats, and more fun while also helping to support Sporcle. Thank you for becoming a member.

Show Comments

Extras

Top Quizzes Today


Score Distribution

Your Account Isn't Verified!

In order to create a playlist on Sporcle, you need to verify the email address you used during registration. Go to your Sporcle Settings to finish the process.

Report this User

Report this user for behavior that violates our Community Guidelines.

Details: